Central Library OPAC University of Rajshahi

Organizational determinants of firms' export behavior : (Record no. 77039)

MARC details
000 -LEADER
fixed length control field 00884nam a2200229 4500
001 - CONTROL NUMBER
control field 77039
003 - CONTROL NUMBER IDENTIFIER
rucl marc code BD-RjUL
005 - DATE AND TIME OF LATEST TRANSACTION
control field 20211209082923.0
008 - FIXED-LENGTH DATA ELEMENTS--GENERAL INFORMATION
fixed length control field 200217r19841976us a|||||mb|| 00| 0 eng d
035 ## - SYSTEM CONTROL NUMBER
System control number (BD-RjUL)77263
040 ## - CATALOGING SOURCE
Original cataloging agency BD-RjUL
Language of cataloging eng
Transcribing agency BD-RjUL
Modifying agency BD-RjUL
041 ## - LANGUAGE CODE
Language code of text/sound track or separate title eng
082 ## - DEWEY DECIMAL CLASSIFICATION NUMBER
Edition number 23
Classification number 658.84
Author mark and year CAO 1984
100 1# - MAIN ENTRY--PERSONAL NAME
Personal name Cavusgil, Salih Tamer
9 (RLIN) 1792
245 10 - TITLE STATEMENT
Title Organizational determinants of firms' export behavior :
Remainder of title an empirical analysis /
Statement of responsibility, etc. by Salih Tamer Cavusgil
260 ## - PUBLICATION, DISTRIBUTION, ETC. (IMPRINT)
Place of publication, distribution, etc. Michigan:
Name of publisher, distributor, etc. University Microfilms International,
Date of publication, distribution, etc. 1976 [Printed 1984]
300 ## - PHYSICAL DESCRIPTION
Pagination viii, 195 leaves :
Illustrations Ill. ;
Size 20 cm.
500 ## - GENERAL NOTE
General note "Originally Presented as the author's Thesis" Thesis (Ph. D.) -- Business, University of Wisconsin--Madison, 1976
650 ## - SUBJECT ADDED ENTRY--TOPICAL TERM
Topical term or geographic name as entry element Export marketing.
9 (RLIN) 239482
Topical term or geographic name as entry element Domestic international sales corporations.
9 (RLIN) 239483
942 ## - ADDED ENTRY ELEMENTS (KOHA)
Source of classification or shelving scheme Dewey Decimal Classification
Koha item type Rare Books
Holdings
Lost status Source of classification or shelving scheme Damaged status Not for loan Collection code Permanent Location Current Location Shelving location Date acquired Source of acquisition Cost, normal purchase price Total Checkouts Full call number Date last seen Copy number Koha item type
  Dewey Decimal Classification   Not For Loan Rare Books Central Library, University of Rajshahi Central Library, University of Rajshahi Rare Book Section 13/02/1985 Dhaka, Tulip Enterprses 40.65   RA 658.84 CAO 1984 17/02/2020 C-1 Rare Books